| 000 | 00773nam a22002057a 4500 | ||
|---|---|---|---|
| 999 |
_c18336 _d18336 |
||
| 003 | AR-CdUCM | ||
| 008 | 190513b ||||| |||| 00| 0 spa d | ||
| 040 |
_aMUNICIPALIDAD PROVINCIAL DEL CUSCO _cBIBLIOTECA MUNICIPAL DEL CUSCO |
||
| 082 |
_a333.185 / _bG22 |
||
| 100 |
_aGarcia-Sayan, Diego _910495 |
||
| 245 | _aTomas de tierras en el PerĂº / | ||
| 260 |
_aLima : _bDesco, _c1982. |
||
| 300 |
_a319 paginas ; _c21 cm. |
||
| 505 | _aContenido : Las tomas de tierras en Piura y Cajamarca -- En la tierra del algarrobo -- Tomas con Clarin y tambor : Cajamarca -- Suena la campana: Andahuaylas -- Antes del 74... | ||
| 650 |
_aPerĂº _935 |
||
| 650 |
_aLas tierras _938853 |
||
| 650 |
_aCondiciones para las tomas _938854 |
||
| 942 |
_2ddc _cLIBROS |
||
| 945 |
_awnts _d201-05-13 |
||